Normale Ansicht MARC-Ansicht ISBD

Zur Geschichte des Modemuseums im Schloss Meyenburg. (Titelsatznr. 371050)

[ MARC ]
MARC-Details
000 -Satzkennung
Kontrollfeld mit fester Länge 00764nam a2200229 4500
008 - Feld mit fester Länge zur physischen Beschreibung - Allgemeine Angaben
Kontrollfeld mit fester Länge 201207b ||||| |||| 00| 0 eng d
040 ## - Katalogisierungsquelle
Katalogisierungssprache ger
Übertragungsstelle STAFF
Beschreibungsfestlegungen rda
Original-Katalogisierungsstelle STAFF
041 ## - Sprachcode
Sprachcode des Textes/der Tonspur oder des separaten Titels ger
100 ## - Person oder Familie als 1. geistiger Schöpfer
Personenname Berjas, Irena:
245 ## - Titel
Haupttitel Zur Geschichte des Modemuseums im Schloss Meyenburg.
Verantwortlichkeitsangabe Irena Berjas
490 ## - Gesamttitelangabe
Haupttitel der Reihe/Unterreihe Die Mark Brandenburg
Zählung 2021/Sonderheft
653 ## - Lokales Schlagwort
Nicht-normierter Term Edle von Krepl, Josefine Johanna Therese 1944-
653 ## - Lokales Schlagwort
Nicht-normierter Term 20. Jahrhundert
653 ## - Lokales Schlagwort
Nicht-normierter Term Schloss Meyenburg
653 ## - Lokales Schlagwort
Nicht-normierter Term Modemuseum
653 ## - Lokales Schlagwort
Nicht-normierter Term Alltagsmode
773 ## - Übergeordnete Einheit
Ort, Verlag und Erscheinungsjahr Berlin: Die Mark Brandenburg - Verlag für Regional- und Zeitgeschichte
Verknüpfungsangaben (2021) Sonderheft, S. 44-51: Abb.
Titel Die Mark Brandenburg
942 ## - Zusätzliche Felder (Koha)
Koha-Medientyp Aufsätze
Exemplare
Ausgeschieden Verloren Beschädigt Nicht entleihbar Permanenter Standort Aktueller Standort Aufstellungsort Eingabedatum Anzahl Ausleihen Signatur Letzte Aktivität Preis gültig von Medientyp
        Stadtarchiv Frankfurt (Oder) | Archivbibliothek Stadtarchiv Frankfurt (Oder) | Archivbibliothek Lesesaal 27/10/2021   Bb1 102 27/10/2021 27/10/2021 Aufsätze